Indian federal finance and budgetary policy (Record no. 367128)

000 -LEADER
fixed length control field 00454cam a22001577a 4500
008 - FIXED-LENGTH DATA ELEMENTS--GENERAL INFORMATION
fixed length control field 180718b1970 xxu||||| |||| 00| 0 eng d
082 ## - DEWEY DECIMAL CLASSIFICATION NUMBER
Classification number Lx54 G959
100 ## - MAIN ENTRY--PERSONAL NAME
Personal name Gupta, B.N.
245 ## - TITLE STATEMENT
Title Indian federal finance and budgetary policy
Statement of responsibility, etc. by B.N. Gupta
260 ## - PUBLICATION, DISTRIBUTION, ETC.
Place of publication, distribution, etc. Allahabad
Name of publisher, distributor, etc. Chattanya
Date of publication, distribution, etc. 1970
300 ## - PHYSICAL DESCRIPTION
Extent 467p.
500 ## - GENERAL NOTE
General note Rs.37.00
650 ## - SUBJECT ADDED ENTRY--TOPICAL TERM
Topical term or geographic name entry element Federal - State Relations - India
650 ## - SUBJECT ADDED ENTRY--TOPICAL TERM
Topical term or geographic name entry element Federal Aid - India
650 ## - SUBJECT ADDED ENTRY--TOPICAL TERM
Topical term or geographic name entry element Finance, Public - India
Holdings
Withdrawn status Lost status Damaged status Not for loan Permanent Location Current Location Date acquired Full call number Barcode Date last seen Price effective from Koha item type
        Indian Institute of Public Administration Indian Institute of Public Administration 1994-05-09 Lx54 G959 45101 2018-07-21 2018-07-21 Book

Powered by Koha